| 000 | 00465nam a2200157Ia 4500 | ||
|---|---|---|---|
| 008 | 210716s2011 xx 000 0 und d | ||
| 020 | _a9780070656659 | ||
| 041 | _aeng | ||
| 082 | _a658.15 CHAP | ||
| 100 | _aChandra, Prasanna. | ||
| 245 |
_aFinancial management: theory and practice. _bTheory and practice. |
||
| 250 | _a5 | ||
| 260 |
_aNew Delhi _bTata McGraw Hill Publishing Company Ltd _c2011 |
||
| 300 | _axxvii,1124/2004 | ||
| 650 | _aManagement Accounting | ||
| 999 |
_c197442 _d197442 |
||